000 00330nam a2200133Ia 4500
008 220216s9999 xx 000 0 und d
100 _aFernando D M
245 0 _aHevea planting material to 2000 A D
260 _bRubber Board Bulletin
_c1975
300 _a38-40
650 _aHevea
650 _aPlanting material
942 _cJS
999 _c60335
_d60335